000 00329nam a22001457a 4500
008 230911b ||||| |||| 00| 0 eng d
020 _a9780878931897
041 _aeng
080 _2THIRD EDITION
_a573
082 _a573FUT
100 _a16
101 _aBIO
245 _aEVOLUTIONARY BIOLOGY
_cFUTUYMA.J.D
942 _2udc
_cBK
999 _c60307
_d60307